00490nam a22001457a 4500020001800000040000900018082001600027100003100043245004400074260003800118650005200156942001200208999001900220952010500239 a9780070295560 cNust a621.89bHAM aBernard H, Hamrock9127360 aFundamentals of fluid film lubrications aHightstown:bMcGraw Hill,c1994. aFundamentals of fluid film lubrications9127365 2ddccBK c612504d612504 00102ddc4070aCEMEbCEMEcGENd2025-01-03l0o621.89 HAMpCEME- 32425r2025-01-03w2025-01-03yBK